La mia vita: ricordi 1927-1977

I tiakina i:
Ngā taipitopito rārangi puna kōrero
Kaituhi matua: Ratzinger, Joseph, Papa (autor)
Hōputu: Pukapuka
Reo:Pāniora
I whakaputaina: Milán San Paolo 1997
Rangatū:Attualitá e Storia, 19
Ngā marau:
Ngā Tūtohu: Tāpirihia he Tūtohu
Kāore He Tūtohu, Me noho koe te mea tuatahi ki te tūtohu i tēnei pūkete!

MARC

LEADER 00000nam a2200000 a 4500
001 UCI2628
003 CL-VaPUC
008 070831e19970000IT |||||||||||||||||spa|d
020 |a 8821535134 
082 0 4 |a 262.1  |b RAT  |2 21 
100 |a Ratzinger, Joseph,   |c Papa  |e autor   |9 494399 
245 1 3 |a La mia vita: ricordi 1927-1977 
300 |a 121 p 
942 |c BK 
945 |d 20070831 00:00:00  |a jtorresc 
260 |a Milán  |b San Paolo  |c 1997 
650 7 |a CURIA ROMANA  |2 CL-VaPUC  |9 408565 
650 0 |a Vida y obra  |9 311871 
650 0 |a Iglesia Católica  |9 256114 
650 7 |a DERECHO CANONICO  |2 CL-VaPUC  |9 523689 
583 |a last modification  |c 20070831 00:00:00  |k Rodrigo Vera 
490 0 |a Attualitá e Storia, 19 
999 |c 327112  |d 327110 
952 |0 0  |1 0  |4 0  |6 262_100000000000000_RAT_1997  |7 0  |8 A  |9 409553  |a BIBDER  |b BIBDER  |d 2019-11-22  |i 4368096  |o 262.1 RAT 1997  |p 4368096  |r 2023-01-25  |w 2019-11-22  |y BK  |k DER